000 004510000a22001690004500
003 MACL
005 20160107132651.0
008 160107b xxu||||| |||| 00| 0 eng d
040 _aMACL
_cMACL
041 _aEnglish
082 _a824/NEW
100 _aSampson, George
_924845
245 _aSelect Esssays of John Henry Cardinal Newman
260 _bThe Walter Scott publishing co Ltd
_aLondon
650 _aEssays
_929228
942 _cBK
_k824/NEW
_2ddc
999 _c39079
_d39079